Kombinatorické štruktúry priebežná správa za obdobie 1986-87
Gespeichert in:
| Format: | Buch |
|---|---|
| Sprache: | Slowakisch |
| Veröffentlicht: |
Bratislava
VŠE
1987
|
| Ausgabe: | ŠPZV-I-1-3/14 |
| Tags: |
Keine Tags, Fügen Sie das erste Tag hinzu!
|
MARC
| LEADER | 00000nam a2200000 4500 | ||
|---|---|---|---|
| 001 | c036920 | ||
| 005 | 20260325122112.1 | ||
| 041 | 0 | |a slo | |
| 044 | |a SK | ||
| 245 | 1 | 0 | |a Kombinatorické štruktúry |b priebežná správa za obdobie 1986-87 |
| 250 | |a ŠPZV-I-1-3/14 | ||
| 264 | 1 | |a Bratislava |b VŠE |c 1987 | |
| 300 | |a Nestr. | ||